000 02200nam2a2200265 4500
001 RU\NLR\BIBL_A\010586315
005 20250614075258.0
010 _a978-5-94789-649-7
_91000
021 _aRU
_b2014-85889
_95222
035 _a(NLR Aleph) 010586315
090 _a10483846
_c10483846
100 _a20120227d2014 |||y0rusy50 ca
101 0 _arus
102 _aRU
105 _aach|z 000yy
200 1 _a2013 год
_fМ-во здравоохранения Рос. Федерации, ФГБУ "Федер. науч. центр трансплантологии и искусств. органов им. акад. В.И. Шумакова" Минздрава России ...
210 _d2014
_aБ. м.
215 _a351 с
_cил., цв. ил., факс., портр.
320 _aБиблиогр. в конце ст.
320 _aУказ. работ отечеств. авт. в области трансплантологии и искусств. органов, опубл. в зарубеж. изд. в 2013 г.: с. 343-346
461 0 _1001RU\NLR\bibl\2027393
_12000#$aТрансплантология: итоги и перспективы$fМ-во здравоохранения и соц. развития РФ, ФГУ "Федер. науч. центр трансплантологии и искусств. органов им. акад. В.И. Шумакова" Минздравсоцразвития России, Общерос. обществ. орг. трансплантологов "Рос. трансплантол. о-во"$gпод ред. С.В. Готье$vТ. 5
_94478826
_cМосква
_d2012
_fМ-во здравоохранения и соц. развития РФ, ФГУ "Федер. науч. центр трансплантологии и искусств. органов им. акад. В.И. Шумакова" Минздравсоцразвития России, Общерос. обществ. орг. трансплантологов "Рос. трансплантол. о-во"
_nТриада
_tТрансплантология: итоги и перспективы
_vТ. 5
942 _cBOOK
980 _aNB